000 00739cam a2200205 a 4500
001 000013635
005 20200929163308.0
008 830816s1982 pr a 001 0 spa
040 _aDO-SdBNP
_bspa
_cLC
_dBNPHU
050 0 0 _aHD3464.A4
_bV37 1982
082 _a334/.097295
_bV288v
100 1 _aVaras, Jaime.
_931045
245 1 3 _aLa verdadera historia del cooperativismo boricua, 1800 a 1898 /
_cJaime Varas.
260 _aHato Rey, Puerto Rico :
_bRomallo Bros. Printing,
_c1982.
300 _axvi, 803 p. :
_bil. ;
_c22 cm.
650 0 _aCooperation
_zPuerto Rico
_xHistory
_y19th century.
_931046
650 0 _aCooperative societies
_zPuerto Rico
_xHistory
_y19th century.
_931047
910 _aCatalogación por copia / LC
049 _aBNGR
999 _c13249
_d13249